000 00817nam a2200205Ii 4500
003 JO-AjNU
008 230605s9999||||xx |||||||||||||| ||und||
040 _aJO-AjNU
_bara
_erda
_cJO-AjNU
041 _aara
050 1 4 _aDS38.9.A28.1991
100 3 _aتأليف ابو خليل، شوقي,
_eauthor
_960374
245 0 0 _aالاسلام وحركات التحرر العربية
250 _aالطبعة الخامسة
264 3 1 _aبيروت/دمشق: دار الفكر المعاصر/دار الفكر، 1991
300 _a247ص
_b ويحتوي على قائمة مراجع من ص238ص- 247ص
336 _atext
_btxt
_2rdacontent
337 _aunmediated
_bn
_2rdamedia
338 _avolume
_bnc
_2rdacarrier
650 4 _aالاسلام والاصلاح السياسي - الاسلام - تاريخ
_960375
999 _aA27220
_c30788
_d30788